| 000 | 00925nam a2200289 i 4500 | ||
|---|---|---|---|
| 001 | bg | ||
| 245 | 0 | 0 |
_aDeterminanty zarządzania i rozwoju przedsiębiorstw / _cred. nauk. Iwona Otola, Beata Skowron-Grabowska. |
| 260 |
_aCzęstochowa : _bSekcja Wydawnictw Wydziału Zarządzania Politechniki Częstochowskiej, _c2006. |
||
| 300 |
_a168 s. : _bwykr. ; _c24 cm. |
||
| 500 | _aStreszcz. przy ref. | ||
| 504 | _aBibliogr. przy ref. | ||
| 650 | 9 | _aZarządzanie | |
| 650 | 9 | _aLogistyka gospodarcza | |
| 650 | 9 |
_aPrzedsiębiorstwo _xorganizacja |
|
| 650 | 9 |
_aPrzedsiębiorstwo _xfinanse |
|
| 650 | 9 | _aPrzedsiębiorczość | |
| 655 | _aMateriały konferencyjne | ||
| 700 | 1 | _aOTOLA, Iwona | |
| 700 | 1 | _aSKOWRON-GRABOWSKA, Beata | |
| 020 | _a8388469339 | ||
| 040 | _cBPK | ||
| 041 | 0 | _apol | |
| 080 | _a658.1/.5.01(061.3) | ||
| 920 | _a83-88469-33-9 | ||
| 942 | _cKS | ||
| 008 | s pl f |000 0 pol | ||
| 999 |
_c52719 _d52719 |
||
| 856 |
_uhttp://koha.tu.koszalin.pl/cgi-bin/koha/opac-detail.pl?biblionumber=52719 _yKatalog online BPK |
||